'Rockin' Around the Christmas Tree' Lyrics Quiz Stats

 Plays Quiz Updated Dec 24, 2017

Challenge
Share
Tweet
Embed
Score 0/80 Timer 04:00
3 Plays Today
% Correct
the
99%
the
99%
the
99%
the
99%
the
99%
the
99%
the
99%
Rockin'
98.8%
Rockin'
98.8%
Rockin'
98.8%
a
98.5%
a
98.5%
around
98.4%
around
98.4%
around
98.4%
Christmas
98.3%
Christmas
98.3%
Christmas
98.3%
Christmas
98.3%
Christmas
98.3%
tree
98.2%
tree.
98.2%
tree.
98.2%
you
78.5%
You
78.5%
you
78.5%
have
75.1%
Have
75.1%
be
74.2%
of
74.1%
with
72.6%
holly.'
71.1%
party
70.1%
in
69%
Deck
68.5%
holiday.
68.3%
halls
68.2%
Let
67.8%
jolly.
67.8%
happy
67%
% Correct
when
66.1%
and
66%
will
64.3%
at
64.2%
Every
63.1%
feeling
62.9%
hop.
62.7%
get
62.4%
way.
62.4%
new
61%
'Let's
61%
singing,
60.7%
hear
60.1%
boughs
60.1%
sentimental
59.1%
can
55.9%
to
55%
voices
53.5%
dancing
53.2%
merrily
52.7%
do
52.5%
old-fashioned
52%
see.
51.4%
Everyone
50%
some
48.7%
some
48.7%
where
48.5%
caroling.
48%
we'll
47.7%
we'll
47.7%
spirit
47.5%
Mistletoe
46.4%
pie,
44.6%
pumpkin
44.3%
stop.
43.3%
hung
41.8%
ring.
40.6%
Later
38.5%
tries
34.5%
couple
33.1%

You're not logged in!

Compare scores with friends on all Sporcle quizzes.
OR
Log In

You Might Also Like...

Show Comments

Extras

Top Quizzes Today


Score Distribution

Your Account Isn't Verified!

In order to create a playlist on Sporcle, you need to verify the email address you used during registration. Go to your Sporcle Settings to finish the process.

Report this User

Report this user for behavior that violates our Community Guidelines.

Details: